LEADER 00983nas a2200217 i 4500 001 000000252628 003 CaOOAMICUS 005 20170131000000.0 008 170119b2016 it uu u0 0spa r 013 $a231533 040 $aSeMil$bita 245 10$a2015 /$cDirector Domingo García Guillén ; Consejo de redacción Francisco Conesa Ferrer, Vicente V. Sáez Gonzálvez, Pedro Luis Vives Pérez. 260 $aAlicante :$bObispado de Orihuela-Alicante,$ccopyr. 2016. 300 $a381 p. ;$c24 cm. 500 $aArticoli con sintesi in spagnolo [Resumen] e in inglese [Abstract] in testa. 773 0 $tFacies Domini.$dAlicante : Obispado de Orihuela-Alicante, 2009.$x1889-5662$w()21656 850 $aSeMil 852 $aSeMil$W1$xVenegono$y1$m178 5 7$j202974$B202974$CSeMilBibl$Z2$F215787 $85 961 $aCambio: Scuola Cattolica 996 $6245$a2015$9(OLS)http://semarc/title/339776 996 $6260$aAlicante :$bObispado de Orihuela-Alicante$9(OLS)http://semarc/publisher/35568 LEADER 01220nam a2200241 i 4500 001 000000183128 003 CaOOAMICUS 005 20091106000000.0 008 091106s2009 it u000 u ita u 013 $a161090 040 $aSeMil$bita 100 1 $aSpinelli, Ciro.$0(OLS)http://semarc/name/67448 245 10$aNella corrente del suo amore :$bchiesa e vita nello spirito nei discorsi di Paolo 6. /$cCiro Spinelli. 260 $aNapoli :$bPontificia Facoltà Teologica dell'Italia meridionale, sez. S. Tommaso d'Aquino,$c2009. 300 $a90 p. ;$c23 cm. 490 0 $aTesi di dottorato in teologia. Estratti ;$v32 650 4$aPaolo VI - Insegnamenti.$0(OLS)http://semarc/subject/17551 830 0$aTesi di dottorato in teologia. Estratti ;$v32.$0(OLS)http://semarc/title/520 850 $aSeMil 852 $aSeMil$W1$xVenegono$y1$m2I II 626$j133832$B133832$CSeMilBibl$Z2$F145559 $81 961 $aOmaggio: Altro 996 $6245$aNella corrente del suo amore :$bchiesa e vita nello spirito nei discorsi di Paolo 6.$9(OLS)http://semarc/title/262831 996 $6260$aNapoli :$bPontificia Facoltà Teologica dell'Italia meridionale, sez. S. Tommaso d'Aquino$9(OLS)http://semarc/publisher/29820